| 000 | 00880nam a22002057a 4500 | ||
|---|---|---|---|
| 005 | 20210325191726.0 | ||
| 008 | s2541 th tha d | ||
| 020 | _a9747577828 | ||
| 041 | _atha | ||
| 090 | _aว Z699.4.E7 ส145ฐ 2541 | ||
| 245 | 1 | 0 | _aฐานข้อมูลคำศัพท์ด้านสิ่งแวดล้อม |
| 260 | 3 |
_aกรุงเทพฯ : _bกระทรวงวิทยาศาสตร์เทคโนโลยีและสิ่งแวดล้อม, _c2541 |
|
| 300 |
_a1 เล่ม ; _b 29 ซม. |
||
| 650 | 0 | 4 | _aสิ่งแวดล้อม -- คำศัพท์ -- วิจัย |
| 650 | 0 | 4 | _aสิ่งแวดล้อม -- ฐานข้อมูล -- วิจัย |
| 850 | _aNALT | ||
| 942 | _cRSH | ||
| 997 |
_c000000000029364 _kVC |
||
| 998 | _aSANG-AROON ANU-KRAUGH | ||
| 999 |
_c29364 _d29364 |
||